[Event "Ch Hungary"]
[Site "masterchessopen.com - Budapest (Hungary)"]
[Round "0"]
[White "Polgar Istvan (HUN)"]
[Black "Ribli Zoltan (HUN)"]
[Result "0-1"]
[WhiteElo "2370"]
[BlackElo "2505"]

1.Nf3 c5 2.g3 g6 3.Bg2 Bg7 4.c4 Nc6 5.Nc3 e5 6.d3 Nge7 7.O-O d6 8.Bd2 O-O 9.a3
a5 10.Rb1 h6 11.Qa4 Be6 12.Rfc1 f5 13.Qd1 Qd7 14.Ne1 f4 15.Nd5 fxg3 16.hxg3
Rab8 17.Nc2 Rf7 18.Nxe7+ Nxe7 19.Bxa5 Rbf8 20.Be1 h5 21.b4 Bh3 22.Be4 h4
23.bxc5 hxg3 24.f3 Qg4 25.cxd6 Qh4 26.Ne3 Bh6 27.Qd2 {#R} 0-1

[Event "Ch Czechoslovakia"]
[Site "masterchessopen.com - Luhacovice (Czech Republic)"]
[Round "3"]
[White "Estevez Guillermo (CUB)"]
[Black "Minev Nikolay N (USA)"]
[Result "0-1"]
[WhiteElo "2335"]
[BlackElo "2370"]

1.Nf3 c5 2.c4 Nc6 3.g3 g6 4.Bg2 Bg7 5.Nc3 e5 6.O-O Nge7 7.d3 O-O 8.Bd2 d6 9.a3
f5 10.Rb1 a5 11.e3 Kh8 12.Ne1 Be6 13.Nd5 Bg8 14.b4 axb4 15.Nxe7 Qxe7 16.axb4
e4 17.bxc5 dxc5 18.Qb3 Ra7 19.Bc3 Bxc3 20.Qxc3+ Qg7 21.Qb3 b5 22.Qxb5 Rb8
23.Qxc6 Rxb1 24.Qxc5 Rc7 25.Qa5 Rc1 {#R} 0-1

[Event "Bundesliga 1982/83"]
[Site "masterchessopen.com - Germany"]
[Round "0"]
[White "Kavalek Lubomir (USA)"]
[Black "Gawehns Klaus (GER)"]
[Result "1-0"]
[WhiteElo "2560"]
[BlackElo "2386"]

1.Nf3 c5 2.c4 Nc6 3.Nc3 e5 4.g3 g6 5.Bg2 Bg7 6.O-O Nge7 7.Ne1 O-O 8.Nc2 d6
9.Ne3 Be6 10.Ned5 Qd7 11.a3 Bh3 12.Bxh3 Qxh3 13.d3 Nxd5 14.cxd5 Ne7 15.Rb1 f5
16.f4 h5 17.Qe1 Rae8 18.Nd1 exf4 19.Rxf4 Nxd5 20.Nf2 Nxf4 21.Bxf4 {#r} 1-0

[Event "Ch Baden (HT)"]
[Site "masterchessopen.com - Viernheim (Germany)"]
[Round "11"]
[White "Remmler Hans-Peter (GER)"]
[Black "Schwarz Frank (GER)"]
[Result "1-0"]
[WhiteElo "2190"]
[BlackElo "2214"]

1.Nf3 c5 2.g3 Nc6 3.Bg2 g6 4.c4 Bg7 5.Nc3 e5 6.a3 Nge7 7.Rb1 d5 8.cxd5 Nxd5
9.Nxe5 Nxc3 10.Nxc6 Nxd1 11.Nxd8 Nxf2 12.Nxb7 Nxh1 13.Nd6+ Ke7 14.Bxa8 Nxg3
15.Nxc8+ Rxc8 16.Bf3 Nf5 17.Bg4 Be5 18.e4 h5 19.Bh3 {#r} 1-0

[Event "Ch World (team) (under 26)"]
[Site "masterchessopen.com - Mendoza (Argentina)"]
[Round "7"]
[White "De Leon Javier (PAN)"]
[Black "McCambridge Vincent (USA)"]
[Result "0-1"]
[WhiteElo "2058"]
[BlackElo "2465"]

1.Nf3 c5 2.c4 g6 3.g3 Bg7 4.Bg2 Nc6 5.Nc3 e5 6.d3 Nge7 7.O-O O-O 8.Ne1 d6
9.Nc2 Be6 10.Ne3 Rb8 11.Ned5 a6 12.a4 h6 13.f4 Kh8 14.e4 exf4 15.Bxf4 Bxd5
16.exd5 Nd4 17.g4 f5 18.gxf5 Nexf5 19.Be4 Qh4 20.Qe1 Qh3 21.Rd1 Rbe8 22.Bg2
Qg4 23.Ne4 Ne2+ {#R} 0-1

[Event "Bundesliga 1989/90"]
[Site "masterchessopen.com - Germany"]
[Round "0"]
[White "Davidovic Aleksandar (AUS)"]
[Black "Rahls Peter (GER)"]
[Result "1-0"]
[WhiteElo "2392"]
[BlackElo "2244"]

1.Nf3 c5 2.c4 Nc6 3.g3 g6 4.Bg2 Bg7 5.Nc3 e5 6.O-O Nge7 7.Ne1 O-O 8.Nc2 d6
9.Ne3 f5 10.d3 f4 11.Ned5 g5 12.e3 Ng6 13.Ne4 Bf5 14.Qh5 h6 15.g4 Bxe4 16.Bxe4
Nh4 17.a3 fxe3 18.fxe3 Rxf1+ 19.Kxf1 Qa5 20.Ke2 Rf8 21.Bd2 Qa4 22.Rf1 Rxf1
23.Kxf1 Qd1+ 24.Be1 Bf8 25.Qe8 Na5 26.Nf6+ Kg7 27.Nh5+ {#r} 1-0

[Event "It (open)"]
[Site "masterchessopen.com - Groningen (Netherlands)"]
[Round "7"]
[White "Vogel Jaap (NED)"]
[Black "Boersma Paulus A (NED)"]
[Result "1-0"]
[WhiteElo "2207"]
[BlackElo "2304"]

1.Nf3 c5 2.g3 Nc6 3.Bg2 e5 4.c4 g6 5.Nc3 Bg7 6.O-O Nge7 7.a3 O-O 8.Rb1 a5
9.Ne1 d6 10.Nc2 Be6 11.Ne3 Qd7 12.Ned5 Rab8 13.Qa4 Rfe8 14.d3 b5 15.cxb5 Nd4
16.Qc4 Nxb5 17.Bg5 f6 18.Nxb5 Rxb5 19.Bd2 Reb8 20.Bc3 Kh8 21.a4 Rb4 22.Bxb4
Rxb4 23.Qa6 Nxd5 24.Qa8+ Qc8 25.Qxc8+ Bxc8 26.Bxd5 {#r} 1-0

[Event "It (open)"]
[Site "masterchessopen.com - Bratislava (Slovakia)"]
[Round "10"]
[White "Kebis Milos (SVK)"]
[Black "Kolcak Marek (SVK)"]
[Result "1-0"]
[WhiteElo "2008"]
[BlackElo "2145"]

1.c4 c5 2.Nc3 Nc6 3.g3 g6 4.Bg2 Bg7 5.Nf3 e5 6.d3 Nge7 7.Ng5 d6 8.a3 O-O 9.O-O
h6 10.Nge4 f5 11.Nd2 Be6 12.Nd5 Rb8 13.b4 Nxd5 14.cxd5 e4 15.dxe6 Bxa1 16.dxe4
cxb4 17.axb4 Kh7 18.exf5 Rxf5 19.Nc4 Rf6 20.Bh3 Nd4 21.Be3 d5 22.Na5 Nf5
23.Qxa1 Nxe3 24.fxe3 Rxf1+ 25.Qxf1 {#r} 1-0

[Event "It (open)"]
[Site "masterchessopen.com - Untergrombach (Germany)"]
[Round "0"]
[White "Schmitt Christian (GER)"]
[Black "Junker Reiner (GER)"]
[Result "0-1"]
[WhiteElo "2183"]
[BlackElo "2253"]

1.c4 c5 2.Nc3 Nc6 3.Nf3 g6 4.g3 Bg7 5.Bg2 e5 6.O-O Nge7 7.a3 d6 8.d3 O-O 9.Rb1
a5 10.Bd2 Rb8 11.Nd5 b5 12.b4 axb4 13.axb4 Nxd5 14.cxd5 Nxb4 15.Bxb4 cxb4
16.Rxb4 Bd7 17.Qb1 Qb6 18.Rc1 Rfc8 19.Nd2 Bh6 20.Rxc8+ Rxc8 21.Nb3 Qc7 22.e3
Qc3 23.Rh4 Bg5 {#R} 0-1

[Event "Ch URS (w)"]
[Site "masterchessopen.com - Lvov (Ukraine)"]
[Round "0"]
[White "Galliamova Alisa (RUS)"]
[Black "Borulya Ekaterina (GER)"]
[Result "1-0"]
[WhiteElo "2498"]
[BlackElo "2308"]

1.Nf3 c5 2.c4 Nc6 3.Nc3 e5 4.g3 g6 5.Bg2 Bg7 6.O-O Nge7 7.Ne1 d6 8.Nc2 O-O
9.d3 Be6 10.Ne3 Rb8 11.Ned5 a6 12.a4 Bxd5 13.cxd5 Nb4 14.f4 Qc7 15.fxe5 Bxe5
16.Bh6 Rfe8 17.e4 b5 18.axb5 axb5 19.Qf3 Nc8 20.Bh3 Nc2 21.Be6 Re7 22.Nxb5
Rxb5 23.Ra8 Nd4 24.Qxf7+ Rxf7 25.Rxf7 Nxe6 26.dxe6 Qd8 27.e7 {#r} 1-0

[Event "It (open)"]
[Site "masterchessopen.com - Biel (Switzerland)"]
[Round "0"]
[White "Terreaux Gilles (SUI)"]
[Black "Topakian Raffi (AUT)"]
[Result "0-1"]
[WhiteElo "2287"]
[BlackElo "2255"]

1.Nf3 c5 2.g3 Nc6 3.c4 e5 4.Nc3 g6 5.Bg2 Bg7 6.O-O Nge7 7.d3 d6 8.a3 O-O 9.Rb1
a6 10.b4 cxb4 11.axb4 b5 12.cxb5 axb5 13.d4 Rb8 14.d5 Nd4 15.Nd2 h5 16.e3 Ndf5
17.h4 Bd7 18.Nb3 Nxh4 19.gxh4 Nf5 20.e4 Nxh4 21.Qd3 f5 22.f4 Rc8 23.fxe5 Bxe5
24.Nd4 f4 25.Kf2 Qb6 {#R} 0-1

[Event "It"]
[Site "masterchessopen.com - Budapest (Hungary)"]
[Round "6"]
[White "Stefurak David Leo (USA)"]
[Black "Eperjesi Laszlo Dr (HUN)"]
[Result "0-1"]
[WhiteElo "2290"]
[BlackElo "2199"]

1.c4 c5 2.g3 Nc6 3.Bg2 g6 4.Nc3 Bg7 5.Nf3 e5 6.a3 a5 7.d4 cxd4 8.Nb5 d6 9.e3
Be6 10.Qa4 Qd7 11.exd4 e4 12.Ng5 Nxd4 13.Nxe6 fxe6 14.Nxd6+ Ke7 15.Nb5 Nf3+
16.Bxf3 exf3 17.Be3 Qd3 18.Bc5+ Kf6 19.Qd1 Qe4+ 20.Be3 Ne7 21.Nd6 Qc6 22.Qd4+
e5 23.Qh4+ Ke6 24.Qg4+ Kxd6 25.Bb6 Nf5 26.O-O-O+ Ke7 {#R} 0-1

[Event "Ch Chess Club"]
[Site "masterchessopen.com - Auckland (New Zealand)"]
[Round "0"]
[White "Stuart Peter (NZL)"]
[Black "Barlow Matthew (NZL)"]
[Result "1-0"]
[WhiteElo "1986"]
[BlackElo "2125"]

1.c4 c5 2.Nf3 Nc6 3.Nc3 e5 4.g3 g6 5.Bg2 Bg7 6.a3 d6 7.d3 Nge7 8.Rb1 a5 9.Bg5
f6 10.Bd2 Be6 11.O-O O-O 12.Ne1 Qd7 13.Nc2 Rae8 14.b4 axb4 15.axb4 b6 16.Nd5
Nc8 17.Nce3 f5 18.bxc5 bxc5 19.Nb6 Nxb6 20.Rxb6 Nd8 21.Nd5 Rf7 22.Qb3 h6
23.Ra1 g5 24.Raa6 Bf8 25.Ra8 Kh8 26.Rbb8 Bg7 27.Qb5 {#r} 1-0

[Event "Ch Scandinavia (schoolteams)"]
[Site "masterchessopen.com - Espoo (Finland)"]
[Round "0"]
[White "Pihlajasalo Antti (FIN)"]
[Black "Wallin Per (SWE)"]
[Result "1-0"]
[WhiteElo "2438"]
[BlackElo "2085"]

1.c4 c5 2.Nc3 Nc6 3.g3 g6 4.Bg2 Bg7 5.Nf3 e5 6.O-O d6 7.a3 Be6 8.d3 h6 9.Rb1
f5 10.Bd2 Nf6 11.b4 Qd7 12.bxc5 dxc5 13.Nxe5 Qc7 14.Rxb7 Qxe5 15.Bxc6+ Kf8
16.Bf4 Qxc3 17.Rb3 {#r} 1-0

[Event "It (open)"]
[Site "masterchessopen.com - Guichen (France)"]
[Round "0"]
[White "Jaulin Philippe (FRA)"]
[Black "Vasilescu Lucian-Mihail (ROM)"]
[Result "0-1"]
[WhiteElo "2162"]
[BlackElo "2295"]

1.c4 g6 2.Nc3 c5 3.g3 Bg7 4.Bg2 Nc6 5.Nf3 e5 6.O-O d6 7.a3 Nge7 8.Rb1 a5 9.d3
O-O 10.Bd2 Rb8 11.Ne1 Be6 12.Nc2 d5 13.cxd5 Nxd5 14.Nxd5 Bxd5 15.Bxd5 Qxd5
16.b4 cxb4 17.axb4 b6 18.Ne3 Qe6 19.Nc4 axb4 20.Bxb4 Rfd8 21.Qc1 e4 22.Qe3 b5
23.Ba5 Rdc8 {#R} 0-1

[Event "Ch Italy"]
[Site "masterchessopen.com - Italy"]
[Round "2"]
[White "Pegorari Pietro (ITA)"]
[Black "De-Palma Fabrizio (ITA)"]
[Result "0-1"]
[WhiteElo "2341"]
[BlackElo "2071"]

1.c4 c5 2.Nc3 g6 3.g3 Nc6 4.Bg2 Bg7 5.Nf3 e5 6.O-O Nge7 7.a3 d6 8.b4 O-O 9.Rb1
f5 10.Ne1 Rb8 11.Nc2 Nd4 12.e3 Ne6 13.Nd5 Kh8 14.Bb2 a6 15.d4 cxd4 16.exd4 e4
17.Nce3 Nc6 18.Nc2 b5 19.c5 Bb7 20.f3 dxc5 21.dxc5 Bxb2 22.Rxb2 exf3 23.Qxf3
Ne5 24.Qc3 Bxd5 25.Qxe5+ Qf6 26.Qxf6+ {#R} 0-1

[Event "Cup Arnold"]
[Site "masterchessopen.com - Gausdal (Norway)"]
[Round "4"]
[White "Hanssen Gunnar Berg (NOR)"]
[Black "Ernst Thomas (SWE)"]
[Result "0-1"]
[WhiteElo "2217"]
[BlackElo "2485"]

1.Nf3 c5 2.c4 Nc6 3.Nc3 e5 4.g3 g6 5.Bg2 Bg7 6.O-O d6 7.d3 Nge7 8.a3 a5 9.Ne1
Be6 10.Nc2 d5 11.cxd5 Nxd5 12.Rb1 O-O 13.Bd2 Rb8 14.Ne4 b6 15.b4 axb4 16.axb4
cxb4 17.Nxb4 Ncxb4 18.Bxb4 Nxb4 19.Rxb4 f5 20.Nc3 e4 21.Nb5 Qe7 22.Qb1 Ra8
23.dxe4 Ra1 {#R} 0-1

[Event "Oberliga Mittelrhein 1993/94"]
[Site "masterchessopen.com - Germany"]
[Round "0"]
[White "Cmiel Thorsten (GER)"]
[Black "Miezis Normunds (LAT)"]
[Result "0-1"]
[WhiteElo "2250"]
[BlackElo "2430"]

1.c4 c5 2.g3 Nc6 3.Bg2 g6 4.Nc3 Bg7 5.Nf3 e5 6.d3 d6 7.O-O Nge7 8.Bg5 h6 9.Bd2
O-O 10.a3 Kh7 11.Rb1 a5 12.Ne1 Be6 13.Nc2 d5 14.cxd5 Nxd5 15.Nxd5 Bxd5 16.Bxd5
Qxd5 17.b4 cxb4 18.axb4 a4 19.b5 Nd4 20.Ne3 Qe6 21.Nc4 e4 22.Bb4 Rfd8 23.Ba3
exd3 {#R} 0-1

[Event "Bayern Oberliga"]
[Site "masterchessopen.com - Germany"]
[Round "6"]
[White "Schoenau Werner (GER)"]
[Black "Wachinger Guenther (GER)"]
[Result "0-1"]
[WhiteElo "2216"]
[BlackElo "2275"]

1.Nf3 c5 2.g3 Nc6 3.c4 e5 4.Nc3 g6 5.Bg2 Bg7 6.O-O Nge7 7.a3 a5 8.Rb1 d6 9.d3
Rb8 10.Ne1 Be6 11.Nc2 d5 12.cxd5 Nxd5 13.Ne4 b6 14.Ng5 Bc8 15.f4 O-O 16.e4 Nc7
17.f5 Ba6 18.Rf3 c4 19.Bf1 Nb5 20.Rf2 h6 21.Nh3 cxd3 22.Bxd3 Nxa3 23.bxa3 Qxd3
24.Qg4 Nd4 {#R} 0-1

[Event "Ch Slovenia (corr.)"]
[Site "masterchessopen.com - Slovenia"]
[Round "0"]
[White "Znuderl Matej (SLO)"]
[Black "Vetrih Joze (SLO)"]
[Result "0-1"]
[WhiteElo "2036"]
[BlackElo "2127"]

1.c4 c5 2.g3 g6 3.Bg2 Bg7 4.Nc3 Nc6 5.Nf3 e5 6.O-O Nge7 7.d3 O-O 8.Be3 d6
9.Qd2 Nf5 10.Bg5 f6 11.Be3 Be6 12.Rab1 Qd7 13.Rfc1 a6 14.Ne1 b5 15.Nd5 Rab8
16.cxb5 axb5 17.a3 b4 18.axb4 Nxb4 19.Nxb4 Rxb4 20.Nc2 Rb3 21.Na3 Rfb8 22.Rc2
Rxa3 23.Qc1 Rab3 24.f4 Nxe3 25.Qxe3 f5 {#R} 0-1

[Event "Ch New Zealand"]
[Site "masterchessopen.com - Wellington (New Zealand)"]
[Round "7"]
[White "Stuart Peter (NZL)"]
[Black "Dreyer Martin (NZL)"]
[Result "0-1"]
[WhiteElo "1986"]
[BlackElo "2300"]

1.Nf3 c5 2.c4 g6 3.Nc3 Bg7 4.g3 Nc6 5.Bg2 e5 6.O-O Nge7 7.a3 a6 8.Rb1 Rb8 9.b4
cxb4 10.axb4 b5 11.c5 d6 12.cxd6 Qxd6 13.d3 f5 14.Bd2 O-O 15.Ng5 h6 16.Qb3+
Kh8 17.Nf7+ Rxf7 18.Qxf7 Be6 19.Qxg7+ Kxg7 20.Rfc1 Nd4 21.f4 Nb3 {#R} 0-1

[Event "Ch Europe (juniors) (under 16)"]
[Site "masterchessopen.com - Zagan (Poland)"]
[Round "3"]
[White "Oberrauch Martin (ITA)"]
[Black "Smetankin Stanislav (BLR)"]
[Result "1-0"]
[WhiteElo "2185"]
[BlackElo "2315"]

1.c4 c5 2.Nf3 Nc6 3.Nc3 g6 4.g3 Bg7 5.Bg2 e5 6.d3 Nge7 7.O-O O-O 8.Rb1 d6 9.a3
f5 10.Bd2 a5 11.Ne1 f4 12.Nc2 a4 13.b4 axb3 14.Rxb3 g5 15.Nd5 Nxd5 16.Bxd5+
Kh8 17.Qb1 Qe8 18.Rb6 Rf6 19.f3 fxg3 20.hxg3 Qh5 21.Rf2 Rh6 22.Rg2 Nd4 23.Nxd4
exd4 24.Bxb7 {#r} 1-0

[Event "Memorial J.Capablanca (b)"]
[Site "masterchessopen.com - Cienfuegos (Cuba)"]
[Round "7"]
[White "Vilela Jose Luis (CUB)"]
[Black "Herrera Irisberto (ESP)"]
[Result "1-0"]
[WhiteElo "2430"]
[BlackElo "2475"]

1.Nf3 c5 2.c4 Nc6 3.g3 e5 4.Nc3 g6 5.Bg2 Bg7 6.O-O d6 7.d3 Nge7 8.a3 a5 9.Rb1
Rb8 10.Ne1 Be6 11.Nd5 O-O 12.Nc2 Bxd5 13.cxd5 Nd4 14.b4 Nb5 15.Bb2 cxb4
16.axb4 a4 17.e4 Ra8 18.Ra1 Ra6 19.Qd2 Qb6 20.Na3 Nd4 21.Nc4 Nb3 22.Qg5 Qxb4
23.Qxe7 Nxa1 24.Bxa1 b5 25.Nxe5 Rfa8 26.Nc6 {#r} 1-0

[Event "Bundesliga (2nd) East 1996/97"]
[Site "masterchessopen.com - Germany"]
[Round "0"]
[White "Boehlig Heinz Dr (GER)"]
[Black "Meister Peter (GER)"]
[Result "0-1"]
[WhiteElo "2295"]
[BlackElo "2385"]

1.Nf3 c5 2.c4 g6 3.Nc3 Bg7 4.g3 Nc6 5.Bg2 e5 6.O-O Nge7 7.d3 O-O 8.Bd2 Rb8
9.a3 a6 10.Rb1 b5 11.b4 cxb4 12.axb4 bxc4 13.dxc4 Rxb4 14.Rxb4 Nxb4 15.Qa4
Nbc6 16.Nd5 e4 17.Ng5 f5 18.Be3 Nd4 19.Qa2 h6 20.Nh3 Nxd5 21.cxd5 g5 22.f3
exf3 23.exf3 Re8 24.Re1 Qb6 25.Kh1 Qb3 26.Qf2 Nc2 {#R} 0-1

[Event "VL2 1996/97"]
[Site "masterchessopen.com - NRW (Germany)"]
[Round "0"]
[White "Feldmann Hans (GER)"]
[Black "Schulz Hartmut (GER)"]
[Result "0-1"]
[WhiteElo "2076"]
[BlackElo "2090"]

1.c4 c5 2.g3 Nc6 3.Bg2 g6 4.Nc3 Bg7 5.Nf3 e5 6.d3 d6 7.O-O Nge7 8.Rb1 O-O 9.a3
f5 10.Nd2 a5 11.e3 Kh8 12.f4 Rb8 13.Qe2 Be6 14.Nd5 Bg8 15.b4 axb4 16.Nxe7 Qxe7
17.axb4 Nxb4 18.Ba3 Nc2 19.Bb2 exf4 20.Bxg7+ Kxg7 21.Rxf4 Qxe3+ 22.Qxe3 Nxe3
23.Re1 Nxg2 24.Kxg2 Rfe8 {#R} 0-1

[Event "It (open)"]
[Site "masterchessopen.com - Sarospatak (Hungary)"]
[Round "0"]
[White "Orban Zoltan (HUN)"]
[Black "Gosztolya Ferenc (HUN)"]
[Result "0-1"]
[WhiteElo "1897"]
[BlackElo "2048"]

1.Nf3 c5 2.g3 g6 3.Bg2 Bg7 4.c4 Nc6 5.Nc3 e5 6.d3 Nge7 7.Bd2 O-O 8.O-O d5
9.cxd5 Nxd5 10.Rc1 Nde7 11.a3 Rb8 12.Na4 b6 13.b4 cxb4 14.axb4 h6 15.Bc3 Be6
16.b5 Nd4 17.Nxd4 exd4 18.Bb4 Re8 19.Nb2 Nd5 20.Qd2 Nc3 21.Rfe1 Nxb5 22.Nc4 a5
23.Nxa5 bxa5 24.Bxa5 Qg5 25.Qxg5 hxg5 26.Rc5 Nc3 27.Rxg5 Bf5 {#R} 0-1

[Event "It (open)"]
[Site "masterchessopen.com - Bad Bergzabern (Germany)"]
[Round "0"]
[White "Schimmelpfennig Klaus (GER)"]
[Black "Senk Christian (GER)"]
[Result "0-1"]
[WhiteElo "2014"]
[BlackElo "2162"]

1.c4 c5 2.Nc3 Nc6 3.g3 g6 4.Bg2 Bg7 5.Nf3 e5 6.O-O Nge7 7.e3 d6 8.b3 Be6 9.Bb2
h6 10.Ne2 Qd7 11.d4 exd4 12.exd4 Bh3 13.Qc2 Bxg2 14.Kxg2 Qf5 15.Qd2 O-O
16.Rad1 Rad8 17.Nh4 Qf6 18.f4 d5 19.Nf3 dxc4 20.bxc4 Nf5 21.Ne5 cxd4 22.Nxd4
Nfxd4 23.Qe3 Nxe5 24.Rxd4 Nxc4 {#R} 0-1

[Event "It (open)"]
[Site "masterchessopen.com - New York (USA)"]
[Round "6"]
[White "Smirin Ilia (ISR)"]
[Black "Dorobanov Svetos (USA)"]
[Result "1-0"]
[WhiteElo "2600"]
[BlackElo "2360"]

1.c4 c5 2.Nf3 Nc6 3.Nc3 e5 4.g3 g6 5.Bg2 Bg7 6.O-O Nge7 7.a3 a6 8.b4 cxb4
9.axb4 Nxb4 10.Ba3 Nbc6 11.Ne4 O-O 12.Nd6 Rb8 13.Qb3 b5 14.cxb5 axb5 15.Bc5
Nf5 16.e4 Nfd4 17.Nxd4 Nxd4 18.Qd5 Qc7 19.Ba7 Rb7 20.Bxd4 exd4 21.Rfc1 Qb8
22.Rxc8 Rxc8 23.Nxb7 {#r} 1-0

[Event "It (open)"]
[Site "masterchessopen.com - Pouso Alegre (Brazil)"]
[Round "1"]
[White "Cabral Denrick (BRA)"]
[Black "Rios Filho Hilton Carlos (BRA)"]
[Result "0-1"]
[WhiteElo "1941"]
[BlackElo "2340"]

1.Nf3 c5 2.c4 g6 3.g3 Bg7 4.Bg2 Nc6 5.Nc3 e5 6.d3 Nge7 7.e4 Rb8 8.O-O O-O
9.Be3 d6 10.Qd2 f5 11.Bg5 Be6 12.exf5 gxf5 13.Bh6 Nd4 14.Bxg7 Kxg7 15.Ng5 Bg8
16.Bd5 Nxd5 17.Nxd5 h6 18.f4 hxg5 19.fxg5 Bxd5 20.cxd5 Rh8 21.h4 Qd7 22.Qd1
Qf7 23.g4 Rxh4 24.gxf5 Qxd5 25.f6+ Kg6 26.Kf2 Rh2+ 27.Ke3 Nc2+ {#R} 0-1

[Event "Ch Romania (team)"]
[Site "masterchessopen.com - Romania"]
[Round "0"]
[White "Olarasu Gabriela (ROM)"]
[Black "Baumstark Gertrude (GER)"]
[Result "1-0"]
[WhiteElo "2355"]
[BlackElo "2021"]

1.c4 c5 2.Nc3 g6 3.g3 Bg7 4.Bg2 Nc6 5.Nf3 e5 6.d3 Nge7 7.O-O O-O 8.a3 d6 9.Rb1
Rb8 10.b4 b6 11.e3 h6 12.b5 Na5 13.Bd2 Be6 14.e4 f5 15.Nd5 Bxd5 16.cxd5 c4
17.Bxa5 fxe4 18.Bxb6 Qxb6 19.dxe4 Qc5 20.a4 Rfc8 21.Qc2 Kh7 22.Rfc1 Rb6 23.Bf1
Qa3 24.Nd2 c3 25.Nc4 {#r} 1-0

[Event "Ch Costa Rica"]
[Site "masterchessopen.com - San Jose (Costa Rica)"]
[Round "11"]
[White "Bermudez Sergio (CRC)"]
[Black "Arias Santana Mauricio (CRC)"]
[Result "0-1"]
[WhiteElo "2205"]
[BlackElo "2327"]

1.Nf3 c5 2.c4 Nc6 3.Nc3 g6 4.g3 Bg7 5.Bg2 e5 6.O-O Nge7 7.Rb1 O-O 8.a3 a5
9.Qa4 d6 10.b4 Bf5 11.e4 axb4 12.Qb3 bxc3 13.exf5 e4 14.Ng5 Nxf5 15.Nxe4 Nfd4
16.Qb6 c2 17.Qxd8 Nxd8 18.Rb6 Ne2+ 19.Kh1 Nxc1 20.Rxc1 Rxa3 21.Nc3 Bxc3
22.dxc3 Re8 23.Rxd6 Rxc3 24.Bd5 Kg7 25.f4 Re2 26.Bg2 Rb3 {#R} 0-1

[Event "It (open)"]
[Site "masterchessopen.com - Zillertal (Austria)"]
[Round "9"]
[White "Kleissl Helmut (AUT)"]
[Black "Sermek Drazen (CRO)"]
[Result "0-1"]
[WhiteElo "2275"]
[BlackElo "2565"]

1.c4 c5 2.Nc3 g6 3.Nf3 Bg7 4.g3 Nc6 5.Bg2 e5 6.d3 Nge7 7.O-O d6 8.e4 O-O 9.Nh4
Nd4 10.Rb1 Nec6 11.a3 g5 12.Nf3 Bg4 13.Nxd4 Bxd1 14.Nxc6 bxc6 15.Nxd1 Rb8
16.Bd2 g4 17.Bc3 Bh6 18.h3 Qd7 19.Kh2 f5 20.exf5 Qxf5 21.Be4 Qh5 22.Bxc6 Qxh3+
23.Kg1 Rf3 {#R} 0-1

[Event "Ch Belgium (team) 1998/99"]
[Site "masterchessopen.com - Belgium"]
[Round "1"]
[White "De Villers Mourad (BEL)"]
[Black "Hautot Stephane (BEL)"]
[Result "0-1"]
[WhiteElo "2132"]
[BlackElo "2085"]

1.c4 c5 2.g3 Nc6 3.Nc3 g6 4.Bg2 Bg7 5.Nf3 e5 6.O-O d6 7.d3 Nge7 8.Rb1 O-O 9.a3
a5 10.Bd2 h6 11.Ne1 Be6 12.Nc2 d5 13.cxd5 Nxd5 14.Nxd5 Bxd5 15.Bxd5 Qxd5 16.b4
cxb4 17.axb4 a4 18.b5 Nd4 19.Nxd4 exd4 20.Rb4 a3 21.Qa1 Rfc8 22.Rc1 Rxc1+
23.Bxc1 Qc5 24.Rb3 a2 {#R} 0-1

[Event "It (cat.2)"]
[Site "masterchessopen.com - Szeged (Hungary)"]
[Round "7"]
[White "Ianov Viktor (UKR)"]
[Black "Nagy Janos (HUN)"]
[Result "1-0"]
[WhiteElo "2350"]
[BlackElo "2255"]

1.Nf3 c5 2.g3 Nc6 3.Bg2 g6 4.c4 Bg7 5.Nc3 e5 6.a3 Nge7 7.d3 d5 8.cxd5 Nxd5
9.Bd2 Nc7 10.Rc1 Ne6 11.Na4 Qd6 12.Ng5 Ncd4 13.Ne4 Qe7 14.e3 f5 15.Nexc5 Nxc5
16.Nxc5 Nc6 17.Qb3 e4 18.dxe4 Ne5 19.exf5 Bxf5 20.O-O {#r} 1-0

[Event "Ch France (team) (juniors) 1997/98"]
[Site "masterchessopen.com - France"]
[Round "10"]
[White "Cazorla Arnaud (FRA)"]
[Black "Lepan Marvin (FRA)"]
[Result "0-1"]
[WhiteElo "2038"]
[BlackElo "2179"]

1.c4 c5 2.Nf3 g6 3.Nc3 Bg7 4.g3 Nc6 5.Bg2 e5 6.O-O d6 7.d3 Nge7 8.e4 O-O 9.a3
f5 10.Rb1 a5 11.Bg5 Be6 12.Bxe7 Qxe7 13.Re1 f4 14.Qa4 g5 15.Nd5 Bxd5 16.cxd5
g4 17.dxc6 gxf3 18.cxb7 Qxb7 19.Bh3 fxg3 20.Be6+ Kh8 21.Bd5 gxh2+ 22.Kxh2 Qe7
{#R} 0-1

[Event "Staatsliga B South 1999/00"]
[Site "masterchessopen.com - Austria"]
[Round "1"]
[White "Hebesberger Thomas (AUT)"]
[Black "Brestian Egon (AUT)"]
[Result "0-1"]
[WhiteElo "2240"]
[BlackElo "2429"]

1.c4 c5 2.Nc3 g6 3.g3 Bg7 4.Bg2 Nc6 5.Nf3 e5 6.O-O Nge7 7.Ne1 O-O 8.Nc2 a6
9.d3 Rb8 10.Nd5 Nxd5 11.cxd5 Nd4 12.e3 Nxc2 13.Qxc2 d6 14.Bd2 b5 15.b4 cxb4
16.Bxb4 a5 17.Bd2 Bd7 18.Rac1 b4 19.Qc7 Bb5 20.Rfd1 Qxc7 21.Rxc7 Rfc8 22.Rdc1
Rxc7 23.Rxc7 Bxd3 24.Ra7 e4 25.f3 Bc3 {#R} 0-1

[Event "It (cat.4)"]
[Site "masterchessopen.com - Clichy (France)"]
[Round "8"]
[White "Royer Sylvain (FRA)"]
[Black "Adrian Claude (FRA)"]
[Result "0-1"]
[WhiteElo "2212"]
[BlackElo "2317"]

1.c4 c5 2.Nc3 Nc6 3.Nf3 g6 4.g3 Bg7 5.Bg2 e5 6.O-O Nge7 7.Rb1 a5 8.d3 O-O 9.a3
d6 10.Bd2 h6 11.Qc1 Kh7 12.Nd5 f5 13.Re1 Bd7 14.b3 Rb8 15.Be3 b5 16.Nc3 bxc4
17.dxc4 Nd4 18.Nd2 Bc6 19.Nd5 e4 20.Nxe7 Qxe7 21.f4 Rb6 22.b4 axb4 23.axb4
Rxb4 24.Rxb4 cxb4 25.Qb1 Ra8 26.Nb3 Nxb3 27.Qxb3 Ra3 {#R} 0-1

[Event "It (open)"]
[Site "masterchessopen.com - Ljubljana (Slovenia)"]
[Round "1"]
[White "Homan Alojz (SLO)"]
[Black "Sermek Drazen (CRO)"]
[Result "0-1"]
[WhiteElo "1979"]
[BlackElo "2545"]

1.Nf3 c5 2.c4 g6 3.Nc3 Bg7 4.g3 Nc6 5.Bg2 e5 6.O-O Nge7 7.d3 d6 8.a3 O-O 9.Rb1
a5 10.Nb5 d5 11.Nd2 Be6 12.b3 h6 13.Qc2 Rc8 14.cxd5 Nd4 15.Nxd4 cxd4 16.Qb2
Nxd5 17.Re1 b5 18.Nf3 Nc3 19.Ra1 a4 20.b4 Qd7 21.Bd2 e4 22.Rac1 exf3 {#R} 0-1

[Event "It (open)"]
[Site "masterchessopen.com - Manchester (England)"]
[Round "2"]
[White "Friedel Joshua E (USA)"]
[Black "Fang Joseph (USA)"]
[Result "0-1"]
[WhiteElo "2518"]
[BlackElo "2374"]

1.c4 g6 2.Nc3 Bg7 3.Nf3 c5 4.g3 Nc6 5.Bg2 e5 6.O-O Nge7 7.Ne1 O-O 8.Nc2 d6
9.d3 Be6 10.Ne3 Qd7 11.Re1 Bh3 12.Bh1 f5 13.Ned5 f4 14.e4 Nxd5 15.Nxd5 Nd4
16.gxf4 exf4 17.Bxf4 Rxf4 18.Nxf4 Be5 19.Ne2 Bg4 20.Qd2 Nf3+ 21.Bxf3 Bxf3
22.Qh6 Bxe2 23.Rxe2 Qg4+ 24.Kf1 Bf4 25.h3 Qf3 {#R} 0-1